Zomrel operný režisér B. Kriška

Bibliographic Details
Main Author: Maťašík, Andrej, 1953-2017 (Author)
Format: Article
Language:Slovak
PhysicalDescription:Fotogr.
Subjects:

MARC

LEADER 00000nab a2200000 a 4500
001 vtls000687954
003 SK-MaSNL
005 20260304234047.0
008 040806c1999 xo 0 slo
015 |a SNBRB1999/05-11131 
035 |a CLN000040121 
040 |a SNKBUCL  |b slo  |c SNKBUCL  |e AACR2 
041 0 |a slo 
044 |a xo  |c SK 
080 |a 792.075:792.5  |2 UDC-MRF-SK2 
080 |a 792.5  |2 UDC-MRF-SK2 
080 |a 929 Kriška, Branislav  |2 UDC-MRF-SK2 
100 1 |a Maťašík, Andrej,  |d 1953-2017  |4 aut  |9 102086 
245 1 0 |a Zomrel operný režisér B. Kriška  |c Andrej Maťašík 
300 |b Fotogr. 
600 1 7 |a Kriška, Branislav,  |d 1931-1999  |2 snkbucl  |9 234082 
655 7 |a články z novín a časopisov  |2 snkbucl  |9 267496 
773 0 |t Slovenská republika  |g Roč. 7, č. 101 (4.5.1999), s. 6 
850 |a Slovenská národná knižnica v Martine 
852 |a SNK  |b KIS3GCP 
958 |a BX 
999 |c 3201865  |d 3203795